000 01124nam a2200277Ia 4500
001 Para_2855
003 CHAP
008 220125s1988 xx 000 0 und d
010 _a201370
040 _cCHAP
090 _aPA TESIS 480
100 _aSantiago Martínez, Guillermo
_9102368
245 _aEfecto de diferentes tipos de suelo y niveles de húmedad sobre la emergencia de adultos de la mosca mexicana de la fruta Anastrepha ludens Loew (Diptera :
_b Tephritidae) en condiciones de laboratorio y de invernadero /
_c por Guillermo Santiago Martínez
260 _aChapingo, Méx. :
_b El autor
300 _a94 h.
502 _aTesis (Ing. Agr. Esp. en Parasitología Agrícola) -- UACh. Departamento de Parasitología Agrícola
650 _aAnastrepha ludens Suelos
_x Húmedad Suelos arcillosos Suelos arenosos Suelos
_x Fauna
_9166277
710 _aUACh. Departameto de Parasitología Agrícola
_9166278
901 _aPA TESIS 480
902 _aA
905 _a0000001988 CHA 0000000000 00
910 _a1988
942 _cPARA
942 _cPARA
_d1
999 _c201370
_d201370